000 00656nam a2200217Ii 4500
003 JO-AjNU
008 230606s9999||||xx |||||||||||||| ||und||
020 _a0-471-19096-9
040 _aJO-AjNU
_beng
_erda
_cJO-AjNU
041 _aeng
050 1 4 _aHF5635.W524 1999
100 3 _aWeygandt,Jerry J/Kieso,Donald E/ Kimmel, Paul D,
_eauthor
_93421
245 0 0 _aAccounting Principles
250 _a5th ed
264 3 1 _aNew York : John Wiley andSons inc,1999
300 _a1189p
_b Includes appendix indexes
336 _atext
_btxt
_2rdacontent
337 _aunmediated
_bn
_2rdamedia
338 _avolume
_bnc
_2rdacarrier
650 4 _aAccounting
_93422
999 _aE1786
_c1786
_d1786